نقد العقل العربي في الميزان : دراسة معرفية تعنى... / (رقم التسجيلة. 100449)

تفاصيل مارك
000 -الفاتح
عناصر البيانات ثابتة الطول 00645cam a2200181 i 4500
005 - تاريخ ووقت آخر معاملة
حقل ضبط 20251112131440.0
008 - عناصر البيانات ثابتة الطول
عناصر البيانات ثابتة الطول 250721s1997 gr 000 0 ara d
082 14 - رقم تصنيف ديوي العشري
رقم التصنيف 189.1
رقم المادة م ح م
100 1# - مدخل رئيسي – اسم شخصي
الاسم الشخصي محمد، يحيى
علاقة الشخص بالعمل/ دوره مؤلف.
245 10 - بيان العنوان
العنوان نقد العقل العربي في الميزان : دراسة معرفية تعنى... /
بيان المسؤولية يحي محمد.
264 31 - بيانات النشر، التوزيع…إلخ
مكان النشر، التوزيع...إلخ بيروت :
اسم الناشر، الموزع...إلخ مؤسسة الإنتشار العربي،
تاريخ النشر، التوزيع...إلخ 1997.
300 ## - الوصف المادي
عدد الوحدات المكونة للوعاء 264 صفحة.
650 17 - مدخل إضافي بالموضوع - مصطلح موضوعي
مصطلح موضوعي أو اسم جغرافي كعنصر مدخل الفلسفة الإسلامية.
650 17 - مدخل إضافي بالموضوع - مصطلح موضوعي
مصطلح موضوعي أو اسم جغرافي كعنصر مدخل النقد الفلسفي.
650 17 - مدخل إضافي بالموضوع - مصطلح موضوعي
مصطلح موضوعي أو اسم جغرافي كعنصر مدخل العقل.
942 ## - بيانات إضافية (كوها)
نوع التنصيف Dewey Decimal Classification
نوع المادة (كوها) كتب
المقتنيات
حالة السحب حالة الفقدان مصدر التصنيف حالة التلف غير قابل للإعارة المكتبة الرئيسية المكتبة الحالية موقع الرف تاريخ التزويد الرقم المتسلسل Total Checkouts رقم الإستدعاء الباركود تاريخ آخر ظهور تاريخ الفاتورة نوع المادة (كوها)
    Dewey Decimal Classification     المكتبة المركزية المكتبة المركزية الإعارة 08/11/2016 1629186   189.1 / م ح م PLD00398132 28/07/2025 08/11/2016 كتب
Implemented & Customized by: BBB with SCIT (Smart Chains for Information Technology)

Powered by Koha